American Summer/Winter Olympic Cities - Statistics

General Stats
  • This quiz has been taken 36 times
  • The average score is 5 of 6
Answer Stats
Year City % Correct
1932, 1984, 2028 Los Angeles
100%
1996 Atlanta
91%
2002 Salt Lake
85%
1904 St. Louis
79%
1932, 1980 Lake Placid
71%
1960 Squaw Valley
44%
No matching quizzes found
Score Distribution
Percent of People with Each Score
Percentile by Number Answered
Your Score History
You have not taken this quiz